|
|
|
|
| LEADER |
00641cam a2200181 7i4500 |
| 001 |
0000024376 |
| 005 |
20140616090000.0 |
| 020 |
# |
0 |
|a 041592636X (paperback)
|
| 090 |
0 |
0 |
|a HF 5549.5
|b J63 G5
|
| 100 |
1 |
# |
|a Gini, Al,
|c 1944-
|
| 245 |
1 |
0 |
|a My Job, My Self :
|b work and the creation of the modern individual
|c by Al Gini.
|
| 260 |
# |
# |
|a New York:
|b Routledge.,
|c 2001.
|
| 300 |
# |
# |
|a xiii, 266 p.;
|c 24 cm..
|
| 590 |
# |
# |
|a Pusat Pengajian Pembangunan Sosial dan Ekonomi
|
| 650 |
0 |
0 |
|a Job satisfaction --
|z United States
|
| 650 |
0 |
0 |
|a Life skills --
|z United States
|
| 650 |
0 |
0 |
|a Work --
|z United States
|
| 999 |
|
|
|a 1100008685
|b Book
|c Open Shelf
|e KOLEKSI TERBUKA
|